000 00829nam a2200265Ia 4500
003 OSt
005 20220928122015.0
006 a|||||r|||| 00| 0
007 ta
008 220927b |||||||| |||| 00| 0 eng d
020 _c6461.6499999999996
024 _a128313
037 _b226, 31/12/2101, Classic Book Service
_cTextual
040 _aSDCL
_cSDCL
_beng
041 _2eng
_aeng
082 _aXL, Q5
100 _aBasile Elisabetta
_9455391
245 0 _aMapping India's capitalism
_b Old and new regions
260 _aHoundmills
_bPalgrave
_c2015
300 _axiii;255p.
_ccm.
650 _aBusiness Economics
_9391653
700 _a Harriss-White Barbara
942 _hXL, Q5
_cTEXL
_2CC
999 _c769055
_d769055